| 000 | 00793nam a2200217Ia 4500 | ||
|---|---|---|---|
| 999 |
_c36018 _d36018 |
||
| 001 | 1917 | ||
| 003 | GE_BSU | ||
| 005 | 20221011142644.0 | ||
| 008 | 181216s2007ru xx |||||||||||||| ||rus|| | ||
| 020 | _a9785160021973 | ||
| 040 | _cGE_BSU | ||
| 041 | _arus | ||
| 080 | _a342.4(075.8)(470) К-65 | ||
| 245 |
_aКонституция Российской Федерации : _bс комментариями Конституционного суда РФ 4-ое изд. |
||
| 264 |
_aМосква : _bИнфра-М, _c2007. |
||
| 300 | _a200 с.: | ||
| 653 | _aКонституция Российской Федерации | ||
| 653 | _aრუსეთის ფედერაციის კონსტიტუცია | ||
| 653 | _aსამართალი | ||
| 942 |
_cBK _2udc |
||